000 01036cas a22002295 4500
001 L147763
008 110221c2009 xxuqr ws s 0 a0eng u
035 _a(Sirsi) u147763
041 0 _aeng
050 _a333.33 $2 18
110 2 _aInvestment Property Databank
_92288
245 0 0 _aIPD US Quarterly Property Indicator
_h[electronic resource]
260 _aChicago
_bIPD
_c2009
362 0 _aFirst quarter 2009-
490 0 _aIPD US Quarterly Property Indicator
_v2009
520 _aLaunched in 2009, the IPD US Quarterly Property Indicator measures quarterly performance back to 1999. It is based on a sample of 2 018 properties covering US$91bn at the end of March 2009. Table.
554 _aFour per year
651 4 _aUnited States
_y1959-
690 _aPROPERTY-COMMERCIAL PROPERTY-COMMERCIAL PROPERTY MARKET
856 4 8 _uhttps://www1.ipd.com/Pages/DNNPage.aspx?DestUrl=http%3a%2f%2fwww.ipd.com%2fsharepoint.aspx%3fTabId%3d2156
_zView the report free of charge after accepting the disclaimer at www.ipd.com
942 _n0
999 _c119226
_d119226